000 00312nam a22001337a 4500
082 _a894.812.3
_bAPP/B
100 _aAPPUNNI MALAYALATH
245 _aBEERBAL KATHAKAL
250 _a1
260 _aTHIRURANGADI
_bASHRAFI BOOK CENTRE
_c2007
300 _a64
650 _aMALAYALAM SHORT STORY
_zKERALA
942 _cBK
999 _c1322
_d1322